K mezinárodní harmonizaci účetnictví
Medzinárodný zdroj informácií o firemnej situácii. Formy medzinárodnej harmonizácie účtovníctva (GAAP). Direktívy Rady Európskeho spoločenstva. Vecné zásady medzinárodnej harmonizácie v účtovníctve. Ďalší vývoj medzinárodnej harmonizácie účtovníctva. Prispôsobovanie účtovníctva v Českej republike.
Salvato in:
| Autore principale: | |
|---|---|
| Natura: | Capitolo di libro |
| Lingua: | ceco |
| Soggetti: | |
| Tags: |
Nessun Tag, puoi essere il primo ad aggiungerne!!
|
MARC
| LEADER | 00000naa a2200000 4500 | ||
|---|---|---|---|
| 001 | r025850 | ||
| 005 | 20230913081046.7 | ||
| 041 | 0 | |a cze | |
| 044 | |a CZ | ||
| 245 | 1 | 0 | |a K mezinárodní harmonizaci účetnictví |c L. Beneš |
| 520 | |a Medzinárodný zdroj informácií o firemnej situácii. Formy medzinárodnej harmonizácie účtovníctva (GAAP). Direktívy Rady Európskeho spoločenstva. Vecné zásady medzinárodnej harmonizácie v účtovníctve. Ďalší vývoj medzinárodnej harmonizácie účtovníctva. Prispôsobovanie účtovníctva v Českej republike. | ||
| 610 | 2 | 0 | |a metódy účtovné |
| 610 | 2 | 0 | |a účtovníctvo medzinárodné |
| 610 | 2 | 0 | |a zdroje informácií |
| 610 | 2 | 0 | |a smernice |
| 610 | 2 | 0 | |a Európska únia |
| 610 | 2 | 0 | |a Česko |
| 100 | 1 | |a Beneš, L. | |